Normal view
MARC view
- NEWLY OPERATING ACCELORATORS TO 17 FACILITIES UNDER CONSTRUCTION 21-51 COOLING RINGS 55-76 STATUS REPAIRS 80-133 CYCLOTRONS FOR APPLICATIONS 137-167 ION SOURCES 170-194 RF SYSTEMS 197-216 VACUUM AND CRYGENIC SYSTEMS 220-232 CONTROL SYSTEMS 236-264 BEAM DIAGNSTIC SYSTEMS 268-322 CENTRAL REGION, EXTRACTION SYSTEMS 325-372 BEAM TRANSPORT SYSTEM AND OTHER TECHNOLOGIES 376-408 COMPUTATIONAL TOOLS 412-422 BEAM DYNAMICS 432-461 MAGNETS 464-498 MEDICAL APPLICATIONS AND ISOTROPE PRODUCTION 502-540 NON MEDICAL APPLICATIONS 545-612 BANQUET SPEECH 615-769
Entry Topical Term
001 - CONTROL NUMBER
- control field: 67940
003 - CONTROL NUMBER IDENTIFIER
- control field: NUST
005 - DATE AND TIME OF LATEST TRANSACTION
- control field: 20210628203937.0
008 - FIXED-LENGTH DATA ELEMENTS
- fixed length control field: 210628|| aca||aabn | a|a d
040 ## - CATALOGING SOURCE
- Original cataloging agency: NUST
- Transcribing agency: NUST
150 ## - HEADING--TOPICAL TERM
- Topical term or geographic name entry element: NEWLY OPERATING ACCELORATORS TO 17 FACILITIES UNDER CONSTRUCTION 21-51 COOLING RINGS 55-76 STATUS REPAIRS 80-133 CYCLOTRONS FOR APPLICATIONS 137-167 ION SOURCES 170-194 RF SYSTEMS 197-216 VACUUM AND CRYGENIC SYSTEMS 220-232 CONTROL SYSTEMS 236-264 BEAM DIAGNSTIC SYSTEMS 268-322 CENTRAL REGION, EXTRACTION SYSTEMS 325-372 BEAM TRANSPORT SYSTEM AND OTHER TECHNOLOGIES 376-408 COMPUTATIONAL TOOLS 412-422 BEAM DYNAMICS 432-461 MAGNETS 464-498 MEDICAL APPLICATIONS AND ISOTROPE PRODUCTION 502-540 NON MEDICAL APPLICATIONS 545-612 BANQUET SPEECH 615-769
670 ## - SOURCE DATA FOUND
- Source citation: Work cat.: (NUST): MARTIN, B , ZIEGLAR, K 67939, TWELFTH INTERNATIONAL CONFRERENCE ON CYCLOTRONS AND THEIR APPLICATIONS , BERLIN GERMANY MAY 8-12-1989, 1991
